Countries in Kaiserreich: Legacy of the Weltkrieg (1936) - Statistics

General Stats
  • This quiz has been taken 449 times
  • The average score is 69 of 109
Answer Stats
Answer % Correct
United States of America
93%
French Republic
92%
Commune of France
91%
Dominion of Canada
91%
German Empire
90%
Austrian Empire
88%
Russian Republic
86%
Sublime Ottoman State
86%
Kingdom of Hungary
85%
United Mexican States
85%
Kingdom of Poland
84%
Kingdom of Spain
83%
United States of Brazil
83%
Kingdom of Portugal
82%
Kingdom of Ukraine
82%
Kingdom of Sweden
81%
Kingdom of the Netherlands
81%
Argentine Republic
80%
Union of Britain
80%
Empire of Japan
79%
Hellenic Republic
79%
Kingdom of Finland
79%
Kingdom of Norway
79%
Kingdom of Romania
79%
Serbian Republic
79%
Syndicalist Republic of Chile
79%
Tsardom of Bulgaria
79%
Republic of Cuba
78%
Republic of Panama
78%
Republic of Peru
77%
Belarussian People's Republic
76%
Irish Republic
76%
Kingdom of Denmark
76%
Republic of Colombia
76%
United States of Venezuela
76%
Oriental Republic of Uruguay
75%
Republic of Ecuador
75%
Republic of Paraguay
75%
Kingdom of Lithuania
74%
Peasants' and Workers' Republic of Honduras
74%
Republic of Bolivia
73%
Republic of Guatemala
73%
Republic of Haiti
73%
Sultanate of Egypt
73%
Republic of Costa Rica
72%
Union of South Africa
72%
Dominion of India
71%
Swiss Confederation
70%
Dominican Republic
69%
Ethiopian Empire
69%
Revolutionary Republic of Nicaragua
69%
State of El Salvador
69%
Ma Clique
68%
Sublime State of Persia
68%
Republic of Albania
67%
Bogd Khanate of Mongolia
66%
Kingdom of Bohemia (Austria-Hungary)
66%
Kingdom of Illyria (Austria-Hungary)
65%
Democratic Republic of Georgia
64%
Kingdom of the Two Sicilies
64%
German Mittelafrika
63%
Qing Government
62%
Kingdom of Galicia and Lodomeria (Austria-Hungary)
61%
Azerbaijan Democratic Republic
59%
Kingdom of Afghanistan
59%
Republic of Liberia
59%
Kingdom of Siam
58%
Socialist Republic of Italy
58%
Sultanate of Muscat and Oman
58%
Australasian Confederation
56%
Imamate of Yemen
56%
Kingdom of Flanders-Wallonia
56%
Patagonian Worker's Front
56%
United Baltic Duchy
56%
Boqorate of Somalia
55%
Kingdom of Morocco
54%
Kingdom of Sardinia
54%
Kingdom of Tibet
54%
Italian Republic
53%
Papal States
53%
West Indies Federation
53%
Kingdom of Iceland
52%
Kingdom of Nepal
51%
Alash Autonomy
50%
German East Asia
50%
Kingdom of Bhutan
50%
Emirate of Nejd and Hasa
45%
Fengtian Government of the Republic of China
45%
Turkestan Republic
45%
Dutch East Indies
44%
Republic of Burma
44%
Yunnan Clique
44%
Princely Federation
40%
Bharatiya Commune
39%
Transamur Republic
38%
Xinjiang Clique
35%
Commonwealth of the Philippines
34%
Emirate of Jabal Shammar
34%
Shanxi Clique
34%
Emirate of Cyrenaica
33%
Don-Kuban Union
31%
Emirate of Bukhara
31%
Khanate of Khiva
31%
League of Eight Provinces
31%
Sichuan Clique
30%
Legation Cities
29%
Shandong Clique
24%
Kumul Khanate
19%
Madras Presidency
8%
No matching quizzes found
Score Distribution
Percent of People with Each Score
Percentile by Number Answered
Your Score History
You have not taken this quiz